Negatius /
ISBN:
9788418022913
Descripción Física:
82 p. 18 cm.
Colección:
Dramaticles. Dramatúrgia contemporània
; 26
Otros Autores:
Batlle, Carles, 1963-
Idioma:
Catalán
MARC
| LEADER | 00000nam a22000007a 4500 | ||
|---|---|---|---|
| 001 | 25133 | ||
| 008 | 220201b spa||||| |||| 00| 0 cat d | ||
| 017 | |a B 9237-2021 | ||
| 020 | |a 9788418022913 | ||
| 020 | |a 9788498039795 | ||
| 100 | |9 52469 |a Navarro, Sílvia | ||
| 245 | |a Negatius / |c Sílvia Navarro Perramon | ||
| 260 | |a Barcelona : |b Comanegra : |b Institut del Teatre ; |c 2021 | ||
| 300 | |a 82 p. |c 18 cm. | ||
| 490 | 1 | |a Drama-ticles. Dramatúrgia contemporània ; |v 26 | |
| 700 | |a Batlle, Carles, |d 1963- |e autor del pròleg |9 53570 | ||
| 830 | 0 | |9 55677 |a Dramaticles. |p Dramatúrgia contemporània |v 26 | |
| 942 | |2 udc |c ARXIU |n 1 | ||
| 952 | |0 0 |1 0 |4 0 |6 BIB405 |7 1 |9 60969 |a Arxiu |b Arxiu |d 2022-02-01 |l 0 |o Bib-405 |p 25133 |r 2022-02-01 00:00:00 |w 2022-02-01 |y ARXIU | ||
| 999 | |c 81094 |d 81094 | ||